Регионална библиотека "Любен Каравелов" - Русе

Анализи по литература за ХІ клас на средните общообразователни училища (Запис номер 74425)

MARC детайли
000 -Лидер
Контролно поле с фиксирана дължина 01769nam a2200457 c 4500
003 - Код на организацията, давaща контролен номер
Контролно поле BLK
005 - Дата и час на последна редакция
Контролно поле 20231107181738.0
008 - Елементи от данни с фиксирана дължина
fixed length control field 180408b bul|||||r ||||||| ||bul||
010 ## - Наследен системен номер
LC control number KNG00078826000
020 ## - Международен стандартен номер на книга ISBN
Международен стандартен номер на книга ISBN 954-792-207-6
-- издат.: СКОРПИО ви
040 ## - Източник на каталожния запис
Идентификатор на билиотеката - собственик на записа BLK
041 ## - Код за език
Код за езика на текст/звукозапис или на отделно заглавие Български
Код за езика КДБФ Български
080 ## - УДК
Текстов определител УДК Българска литература
УДК код - определител по УДК 821.163.2
УДК определител (075.3)
УДК - код + определител 821.163.2(075.3)
100 1# - Редна дума - Автор
Автор Инев, Иван Кирилов
Авторска отговорност първи автор
R(LIN) 370900
139 ## - Редно поле
Редна дума Инев, Иван Кирилов
Авторски знак Инд - И 64
245 10 - Сведения за заглавието
Заглавие Анализи по литература за ХІ клас на средните общообразователни училища
Подзаглавни данни Уч. помагало
Редно поле (дума) Иван Кирилов Инев.
257 ## - Страна на издаване
Страна на създаване/издаване България
260 ## - Област на издателските данни
-- София
Име на издателя, разпространителя и проч. СКОРПИО ви
Година на издаване 2005
300 ## - Физическа характеристика
Страници 341 с.
Размери/Мащаб 20 см
380 ## - Жанр
Жанр Литературознание
500 ## - Общи забележки
Забележка Съдържа и Отговори на тестовете.
650 #4 - Допълнително описание по предмет – тема
Основно описание – тема или топоним Българска литература - учебници за средни училища
9 (RLIN) 242481
653 ## - Ключова дума – ненормативна
Ключова дума българска литература
653 ## - Ключова дума – ненормативна
Ключова дума литературна критика
653 ## - Ключова дума – ненормативна
Ключова дума Христо Ботев
653 ## - Ключова дума – ненормативна
Ключова дума Иван Вазов
653 ## - Ключова дума – ненормативна
Ключова дума Алеко Константинов
653 ## - Ключова дума – ненормативна
Ключова дума Пенчо Славейков
653 ## - Ключова дума – ненормативна
Ключова дума Пейо Яворов
653 ## - Ключова дума – ненормативна
Ключова дума Елин Пелин
653 ## - Ключова дума – ненормативна
Ключова дума Димчо Дебелянов
653 ## - Ключова дума – ненормативна
Ключова дума Николай Лилиев
653 ## - Ключова дума – ненормативна
Ключова дума учебни помагала
653 ## - Ключова дума – ненормативна
Ключова дума ХІ кл.
852 ## - Местоположение
Форматна сигнатура Цб 236565
856 4# - Електронен адрес и достъп
Електронен формат pdf - файл
Път до файла /url/
856 4# - Електронен адрес и достъп
Електронен формат pdf - файл
Път до файла /url/
942 ## - АРТИКУЛИ
Вид на библиотечния материал Книги
Скрит в OPAC Не
Koha issues (borrowed), all copies 4
944 ## - СЪЗДАВАНЕ И РЕДАКЦИЯ на ЗАПИСА
Създаване/Редакция Създаване
Дата на регистрацията/редакция 02.11.2007
Служител, извършил регистрацията/редакцията 30575
Статус, дата на статуса Мартин Енчев
944 ## - СЪЗДАВАНЕ И РЕДАКЦИЯ на ЗАПИСА
Създаване/Редакция Редакция
Дата на регистрацията/редакция 21.12.2007
Служител, извършил регистрацията/редакцията
999 ## - СИСТЕМНИ КОНТРОЛНИ НОМЕРА
Koha biblionumber 74425
Koha biblioitemnumber 74425
Наличности
Код за отписване Код за изгубен артикул Код за повреда Коз за рестрикции Код за отдаване Артикулен № Име на библиотеката - собственик Име на библиотеката, в която се намира в момента Статус (Текущо местоположение) Дата на вписване в системата Местоположение - отдел Цена в лева Инвентарен номер Систематично азбучна сигнатура Баркод Номер на екземпляра Цена в евро Служебна бележка Служебен тип на артикула Източник на класификационната схема
  Не е изгубен Не е повреден без рестрикции ползва се в читалня 121136 Регионална библиотека "Любен Каравелов" Русе Регионална библиотека "Любен Каравелов" Русе Хранилище 2007-11-02 Хранилище 5.99 120000719182 Цб 236565 120000719182 1 3.06 Дост: Dp Вид: Д N: 26 Дата: 06.06.2007 Книги  
  Не е изгубен Не е повреден без рестрикции заемане за дома 121137 Регионална библиотека "Любен Каравелов" Русе Регионална библиотека "Любен Каравелов" Русе Заемна - подръчен фонд 2007-12-20 Заемна - подръчен фонд 7.99 120000721209 821.163.2.09/И 64 И 120000721209 2 4.09 Дост: Pk Вид: Ф N: 13340 Дата: 17.12.2007 Дата инв: 16.02.2018 Бележки инв: П2018 Книги Universal Decimal Classification
  Не е изгубен Не е повреден без рестрикции заемане за дома 121138 Регионална библиотека "Любен Каравелов" Русе Регионална библиотека "Любен Каравелов" Русе Заемна - подръчен фонд 2007-12-20 Заемна - подръчен фонд 7.99 120000721210 821.163.2.09/И 64 И 120000721210 3 4.09 Дост: Pk Вид: Ф N: 13340 Дата: 17.12.2007 Дата инв: 15.02.2018 Бележки инв: П2018 Книги Universal Decimal Classification
Изтеглен Не е изгубен Не е повреден без рестрикции заемане за дома 121139 Регионална библиотека "Любен Каравелов" Русе Регионална библиотека "Любен Каравелов" Русе Заемна - подръчен фонд 2007-12-20 Заемна - подръчен фонд 7.99 120000721212 П 886.7/И 64 120000721212 4 4.09 Дост: Pk Вид: Ф N: 13340 Дата: 17.12.2007 Дата инв: 07.02.2018 Бележки инв: П2018 Книги Universal Decimal Classification
  Не е изгубен Не е повреден без рестрикции ползва се в читалня 121140 Регионална библиотека "Любен Каравелов" Русе Регионална библиотека "Любен Каравелов" Русе Читалня 2007-12-20 Читалня 7.99 120000721213 Ч 821.163.2.09/И 64 120000721213 5 4.09 Дост: Pk Вид: Ф N: 13340 Дата: 17.12.2007 Дата инв: 30.03.2017 Бележки инв: Ч2017 Книги Universal Decimal Classification
Vip Innovations Ltd, Rousse, Bulgaria 2025